00963nam a22002417a 4500003000400000005001700004008004100021022001300062040001800075082001400093110005700107245009800164260004200262300001700304440003300321440002300354440004200377440005700419440005900476650007400535650004800609650006400657OSt20240718111935.0240716b ||||| |||| 00| 0 eng d 209702385 cAIMIT LIBRARY a658bABHI aFoundation for Organisational Research and Education aAbhigyan : bquest for excellence /cBy Foundation for Organisational Research and Education. a:New Delhi :bAdhitam Kendra ,c2014. bHBc27.5 cm. aAbhigyanvVol.32 No.1-4/2014 vVol.31 No.1-3/2013 vVol.34No.1-3/2016, Vol.35 No.2-4/2017 vVol.32 No.4/2015,Vol.33 No.1-3/2015,Vol.33 No.4/2016 vVol.35 No.1-2017, Vol.35 No.4-2018, Vol.36 No.1-3/2018 aTowards integrated learning and development for improving bottom line aEffectiveness of green shoe option in India aGlobal financial crisis and dynamics of Indian stock market